Hero and anti-hero in the consumer society and the totalitarian states philosophical-anthropological analysis /
Elmentve itt :
| Szerző: | |
|---|---|
| Dokumentumtípus: | Könyv része |
| Megjelent: |
2014
|
| Sorozat: | A vallási kultúrakutatás könyvei
Heroes and celebrities in Central and Eastern Europe |
| Kulcsszavak: | Híres emberek, Személyi kultusz - 20. sz., Identitástudat - Közép-Kelet-Európa, Népi vallásosság - Közép-Kelet-Európa |
| Tárgyszavak: | |
| Online Access: | http://acta.bibl.u-szeged.hu/67875 |
| LEADER | 00987naa a2200229 i 4500 | ||
|---|---|---|---|
| 001 | acta67875 | ||
| 005 | 20250410093256.0 | ||
| 008 | 200505s2014 hu o 000 eng d | ||
| 020 | |a 978-963-306-255-5 | ||
| 022 | |a 2064-4825 | ||
| 040 | |a SZTE Egyetemi Kiadványok Repozitórium |b hun | ||
| 041 | |a eng | ||
| 100 | 1 | |a Golozubov Alexandr | |
| 245 | 1 | 0 | |a Hero and anti-hero in the consumer society and the totalitarian states |h [elektronikus dokumentum] : |b philosophical-anthropological analysis / |c Golozubov Alexandr |
| 260 | |c 2014 | ||
| 300 | |a 18-32 | ||
| 490 | 0 | |a A vallási kultúrakutatás könyvei | |
| 490 | 0 | |a Heroes and celebrities in Central and Eastern Europe | |
| 650 | 4 | |a Társadalomtudományok | |
| 650 | 4 | |a Szociológia | |
| 695 | |a Híres emberek, Személyi kultusz - 20. sz., Identitástudat - Közép-Kelet-Európa, Népi vallásosság - Közép-Kelet-Európa | ||
| 856 | 4 | 0 | |u http://acta.bibl.u-szeged.hu/67875/1/vallasi_kulturakutatas_konyvei_005_018-032.pdf |z Dokumentum-elérés |